| 000 | 00414nam a2200121Ia 4500 | ||
|---|---|---|---|
| 008 | 220615s9999||||xx |||||||||||||| ||und|| | ||
| 245 | 0 |
_aArab TV-Audiences _bNegotiating Religion and Identity |
|
| 546 | _aEnglish[eng] | ||
| 650 | _aLanguage Arts & Disciplines||Communication Studies | ||
| 700 | _aGalal, Ehab | ||
| 856 | _uhttps://library.oapen.org/bitstream/20.500.12657/43945/1/external_content.pdf | ||
| 942 | _cEB | ||
| 999 |
_c14547 _d14547 |
||